Культурно-историческая среда и предпринимательство Сибири (Запись № 445386)

Подробности
000 -МАРКЕР
контрольное поле 02375nam0a2200361 4500
001 - ИДЕНТИФИКАТОР ЗАПИСИ
контрольное поле RU\NLR\bibl\1286351
005 - ИДЕНТИФИКАТОР ВЕРСИИ
контрольное поле 20260407060944.0
021 ## - НОМЕР ГОСУДАРСТВЕННОЙ РЕГИСТРАЦИИ
Код страны Российская Федерация
Номер 2008-68148
Номер Листа государственной регистраци 3896
035 ## - ДРУГИЕ СИСТЕМНЫЕ НОМЕРА
Идентификатор записи (NLR Aleph) 001272072
100 ## - ДАННЫЕ ОБЩЕЙ ОБРАБОТКИ
Данные общей обработки 20081021d2008 |||y0rusy50 ca
101 0# - ЯЗЫК РЕСУРСА
Язык текста, звукозаписи и т.д. русский
102 ## - СТРАНА ПУБЛИКАЦИИ ИЛИ ПРОИЗВОДСТВА
Страна публикации Российская Федерация
105 ## - ПОЛЕ КОДИРОВАННЫХ ДАННЫХ: ТЕКСТОВЫЕ МАТЕРИАЛЫ, МОНОГРАФИЧЕСКИЕ
Кодированные данные о монографическом текстовом документе a |||||||||
200 1# - ЗАГЛАВИЕ И СВЕДЕНИЯ ОБ ОТВЕТСТВЕННОСТИ
Основное заглавие Культурно-историческая среда и предпринимательство Сибири
Сведения, относящиеся к заглавию материалы III Межрегиональной научно-практической конференции, посвященной Международному дню памятников и исторических мест, 17 апреля 2008 г.
Первые сведения об ответственности [редкол.: Царев В. И., д. арх., проф. и др.]
210 ## - ПУБЛИКАЦИЯ, РАСПРОСТРАНЕНИЕ И ДР.
Место издания, распространения и т.д. Красноярск
Имя издателя, распространителя и т. д. [б. и.]
Дата издания, распространения и т.д. 2008
215 ## - ФИЗИЧЕСКАЯ ХАРАКТЕРИСТИКА
Специфическое обозначение материала и объем 216, [1] с.
Другие сведения о физической характеристике ил.
Размеры 29
300 ## - ОБЩИЕ ПРИМЕЧАНИЯ
Текст примечания В надзаг.: Краснояр. гос. торг.-экон. ин-т, Служба по охране объектов культ. наследия Администрации Краснояр. края, Служба по контролю объектов в обл. градостроит. деятельности Администрации Краснояр. края [и др.]
320 ## - ПРИМЕЧАНИЯ О НАЛИЧИИ В ДОКУМЕНТЕ БИБЛИОГРАФИИ / УКАЗАТЕЛЯ
Текст примечания Библиогр. в конце ст.
606 1# - НАИМЕНОВАНИЕ ТЕМЫ КАК ПРЕДМЕТ
Наименование темы Памятники истории и культуры
Формальный подзаголовок Съезды, совещания и т.п.
Географический подзаголовок Сибирь
Системный номер авторитетной/нормативной записи 2548388
Идентификатор авторитетной/нормативной записи RU\NLR\auth\661508147
606 1# - НАИМЕНОВАНИЕ ТЕМЫ КАК ПРЕДМЕТ
Наименование темы Предпринимательство
Формальный подзаголовок Съезды, совещания и т.п.
Тематический подзаголовок История
Географический подзаголовок Сибирь
Системный номер авторитетной/нормативной записи 2078945
Идентификатор авторитетной/нормативной записи RU\NLR\auth\661254812
606 1# - НАИМЕНОВАНИЕ ТЕМЫ КАК ПРЕДМЕТ
Наименование темы Благотворительность
Формальный подзаголовок Съезды, совещания и т.п.
Тематический подзаголовок История
Географический подзаголовок Сибирь
Системный номер авторитетной/нормативной записи 2228207
Идентификатор авторитетной/нормативной записи RU\NLR\auth\661337530
686 ## - ИНДЕКСЫ ДРУГИХ КЛАССИФИКАЦИЙ
Индекс Т3(2Р5)л60я431
686 ## - ИНДЕКСЫ ДРУГИХ КЛАССИФИКАЦИЙ
Индекс Т3(2Р5)0-2я431
686 ## - ИНДЕКСЫ ДРУГИХ КЛАССИФИКАЦИЙ
Индекс У9(28)-13(2Р5)я431
686 ## - ИНДЕКСЫ ДРУГИХ КЛАССИФИКАЦИЙ
Индекс У27(28)68я431
702 #1 - ИМЯ ЛИЦА - ВТОРИЧНАЯ ОТВЕТСТВЕННОСТЬ
Код отношения Редактор
Материалы, к которым относится поле rus
Графика поля Кириллица
Начальный элемент ввода Царев
Часть имени, кроме начального элемента ввода В. И.
Даты 1955-
Расширение инициалов личного имени Владимир Иннокентьевич
Идентификатор авторитетной/нормативной записи RU\NLR\auth\7775621
Системный номер авторитетной/нормативной записи 58549
712 02 - НАИМЕНОВАНИЕ ОРГАНИЗАЦИИ - ВТОРИЧНАЯ ОТВЕТСТВЕННОСТЬ
Код отношения Прочие
Начальный элемент ввода Красноярский государственный торгово-экономический институт
Идентификатор авторитетной/нормативной записи RU\NLR\AUTH\8810027897
Системный номер авторитетной/нормативной записи 554288
801 #0 - ИСТОЧНИК ЗАПИСИ
Страна Российская Федерация
Организация NLR
Дата составления 20081021
Правила каталогизации RCR
801 #1 - ИСТОЧНИК ЗАПИСИ
Страна Российская Федерация
Организация NLR
Дата составления 20081021
942 ## - ДОПОЛНИТЕЛЬНЫЕ ЭЛЕМЕНТЫ ЗАПИСИ (АБИС)
Тип экземпляра АБИС Книга
980 ## - КОЛЛЕКЦИЯ
Название коллекции Национальная библиография
Экземпляры
Тип экземпляра Дата поступления Источник поступления Библиотека постоянного хранения Библиотека текущего хранения Место хранения Шифр хранения Штрих-код Статус экземпляра
Книга 21.10.2008 Обязательный экземпляр РНБ (Московский) РНБ (Московский) Русский книжный фонд: издания с 1957 года 2008-8/3129 2777162